000 00870nam a2200229Ia 4500
001 224
003 GE_BSU
008 181216s||||||||xx |||||||||||||| ||und||
020 _a9789941100841
040 _cGE_BSU
080 _a81'374'3=353.1
245 _aქართული ენის განმარტებითი ლექსიკონი. ა–ბ
245 _bარნოლდ ჩიქობავას ენათმეცნიერების ინსტიტუტი
245 _cსაერთო რედ. არნოლდ ჩიქობავა
260 _aთბილისი
260 _bმერიდიანი
260 _c2008
300 _a1128გვ.
541 _h20ლ.
653 _aქართული ენის განმარტებითი ლექსიკონი
942 _cBK
999 _c34475
_d34475